000 00572nam a22001817a 4500
005 20230609121516.0
008 230609b sp |||||||| |||| 00| 0 spa d
020 _a9788483445679
050 0 4 _aPN1969.C65
_bM53 2017
245 0 0 _aMicro abierto :
_btextos sobre Stand-up comedy /
_cDani Alés y Rosa María Navarro Romero (coords.)
250 _a1a ed.
260 _aMadrid :
_bUAM ediciones,
_c2017
300 _a218 p. ;
_c24 cm.
650 4 _aComedia en vivo
700 1 _aAlés,Dani,
_ecoord.
700 1 _aNavarro Romero,Rosa María,
_ecoord.
942 _2lcc
_cLIB
999 _c167484
_d167482